000 00385nam a2200157Ia 4500
005 20250514024230.0
008 240331s9999 xx 000 0 und d
020 _a9559662813
082 _a158
_bSUM
100 _aSumanasekara , M
245 0 _aVishwaye youn Niyamuwoo
260 _aKelaniya
_bDeepani Publication
_c2000
300 _a160 p .,
500 _aAncient History
942 _cL
999 _c758
_d758